Detalles MARC
| 000 -LEADER |
| longitud fija campo de control |
01785nam a22005177a 4500 |
| 003 - IDENTIFICADOR DE NUMERO DE CONTROL |
| control del campo |
AR-RoUNA |
| 005 - FECHA DE LA ULTIMA MODIFICACION |
| control del campo |
20250917174118.0 |
| 008 - CAMPO DE CONTROL - LIBROS |
| longitud fija campo de control |
250917b |||||||| |||| 00| 0 spa d |
| 020 ## - INTERNATIONAL STANDARD BOOK NUMBER |
| ISBN |
8425206464 |
| 040 ## - ORIGEN DE LA CATALOGACION |
| Agencia que cataloga la obra original |
AR-RoUNA |
| Idioma en que se cataloga |
spa |
| Entidad que modifico el registro |
AR-RoUNA |
| 041 ## - CODIGO DE IDIOMA |
| Codigo de idioma del texto / sonido o titulo separado |
spa |
| Codigo de idioma de la traduccion original y / o intermedios de texto |
spa |
| 044 ## - CODIGO DE PAIS / ENTIDAD PRODUCTORA |
| Codigo MARC del pais |
ag |
| 100 1# - ASIENTO PRINCIPAL - NOMBRE PERSONAL |
| Nombre personal |
Pignatari, Decio |
| 9 (RLIN) |
27440 |
| 245 10 - TITULO PROPIAMENTE DICHO |
| Titulo |
Informacion, lenguaje, comunicacion / |
| Mencion de responsabilidad, etc |
Decio Pignatari; traduccion al castellano de Basilio Losada Castro |
| 250 ## - MENCION DE EDICION |
| Edicion declarada |
1a. ed. |
| 260 ## - EDITORIAL - PUBLICACION, DISTRIBUCION, ETC. (Pie de imprenta) |
| Lugar de publicacion, distribucion, etc |
Barcelona : |
| Nombre del editor, distribuidor, etc |
Gustavo Gili, |
| Fecha de publicacion |
1977 |
| 300 ## - DESCRIPCION FISICA |
| Extension |
95 p. |
| Otros detalles fisicos |
gráficos, |
| Dimensiones |
20x13 cm |
| 490 ## - MENCION DE SERIE |
| Titulo de la serie |
Coleccion Punto y Linea |
| 505 0# - NOTA DE CONTENIDO CON FORMATO |
| Título |
INDICE |
| 505 0# - NOTA DE CONTENIDO CON FORMATO |
| Título |
Prologo a la edicion castellana, por Décio Pignatari /p.7 |
| 505 0# - NOTA DE CONTENIDO CON FORMATO |
| Título principal |
1. Introduccion a la teoria de la informacion /p.11 |
| 505 0# - NOTA DE CONTENIDO CON FORMATO |
| Título principal |
2. Semiotica o teoria de los signos /p.20 |
| 505 0# - NOTA DE CONTENIDO CON FORMATO |
| Título principal |
3. Estadistica e informacion /p.31 |
| 505 0# - NOTA DE CONTENIDO CON FORMATO |
| Título principal |
4. La teoria de la informacion /p.37 |
| 505 0# - NOTA DE CONTENIDO CON FORMATO |
| Título principal |
5. Investigaciones y aplicaciones /p.46 |
| 505 0# - NOTA DE CONTENIDO CON FORMATO |
| Título principal |
6. Comunicacion y cultura de masas /p.57 |
| 505 0# - NOTA DE CONTENIDO CON FORMATO |
| Título |
Bibliografia /p.67 |
| 505 0# - NOTA DE CONTENIDO CON FORMATO |
| Título |
Apendice /p.71 |
| 505 0# - NOTA DE CONTENIDO CON FORMATO |
| Título principal |
Habitacion e informacion /p.71 |
| 505 0# - NOTA DE CONTENIDO CON FORMATO |
| Título principal |
Pop-eye - Industrial design /p.74 |
| 505 0# - NOTA DE CONTENIDO CON FORMATO |
| Título principal |
Kitsch y repertorio /p.80 |
| 505 0# - NOTA DE CONTENIDO CON FORMATO |
| Título principal |
Arte grafico y el otro /p.84 |
| 505 0# - NOTA DE CONTENIDO CON FORMATO |
| Título principal |
Vanguardia en explosion sonora /p.88 |
| 505 0# - NOTA DE CONTENIDO CON FORMATO |
| Título principal |
La enseñanza automatica /p.94 |
| 505 0# - NOTA DE CONTENIDO CON FORMATO |
| Título |
Notas /p.97 |
| 650 #4 - MATERIA - TERMINO TEMATICO |
| Término temático general |
Comunicacion |
| 650 #4 - MATERIA - TERMINO TEMATICO |
| Término temático general |
Medios de comunicacion social |
| 650 #4 - MATERIA - TERMINO TEMATICO |
| Término temático general |
Semiotica y las artes |
| 650 #4 - MATERIA - TERMINO TEMATICO |
| Término temático general |
Lenguaje |
| General subdivision |
Linguistica |
| 700 1# - ENTRADA SECUNDARIA - NOMBRES PERSONALES |
| Nombre personal |
Losada Castro, Basilio |
| 9 (RLIN) |
27444 |
| 908 ## - SOPORTE |
| Soporte |
Imp |
| 930 ## - ACCESION |
| Numero de accesion (NR) |
12242 |
| 942 ## - FUENTE DE CLASIFICACION |
| Clasificacion |
Dewey Decimal Classification |
| Tipo de item |
Libro |
| 945 ## - INFORMACION DE PROCESAMIENTO |
| Codigo del operador |
MIA |
| Fecha de ingreso o modificacion |
2025-09-17 |
| 980 ## - DECLARACIÓN DE EQUIVALENCIA O SERIE DE REFERENCIA CRUZADA - NOMBRE / TÍTULO PERSONAL [LOCAL, CANADÁ] |
| Código del operador |
1 |
| Nombre del operador |
Maricel Allasia |
| Código del operador que modifico el registro |
1 |
| Nombre del operador que modifico el registro |
Maricel Allasia |